[Event "Quebec op"]
[Site "Montreal CAN"]
[Date "1994.07.24"]
[Round "2"]
[White "Clement, Michel"]
[Black "Hebert, Jean"]
[Result "0-1"]
[WhiteElo "2047"]
[BlackElo "2484"]
[PlyCount "118"]
[GameId "2160767912198128"]
[EventDate "1994.07.23"]
[EventType "swiss"]
[EventRounds "8"]
[EventCountry "CAN"]
[SourceTitle "EXT 94op"]

1. e4 e6 2. d4 d5 3. Nc3 Bb4 4. Bd3 c5 5. Nf3 Nf6 6. exd5 Nxd5 7. Bd2 Nc6 8. a3 Bxc3 9. bxc3 h6 10. O-O O-O 11. Re1 Qc7 12. Qe2 Nf4 13. Qe4 Nxd3 14. cxd3 cxd4 15. Nxd4 Nxd4 16. Qxd4 Rd8 17. Qe4 Bd7 18. d4 Bc6 19. Qg4 Kh7 20. Re3 Qe7 21. Rg3 Rg8 22. c4 Rad8 23. Re1 Qd6 24. Bc3 g5 25. Rh3 Rg6 26. Bb2 b5 27. d5 exd5 28. Qf5 Qd7 29. Qxd7 Bxd7 30. Rf3 bxc4 31. Rxf7+ Kg8 32. Ree7 Be6 33. Rg7+ Rxg7 34. Rxg7+ Kf8 35. Bd4 Rb8 36. f3 Rb1+ 37. Kf2 Rd1 38. Be5 Rd2+ 39. Ke3 Rd3+ 40. Ke2 Rxa3 41. Rc7 Ra2+ 42. Ke3 Rxg2 43. Rxa7 h5 44. Bd6+ Kg8 45. Be5 Bf7 46. Rc7 Ra2 47. Rb7 Ra3+ 48. Ke2 g4 49. fxg4 hxg4 50. Rc7 Rd3 51. Rd7 Be6 52. Rc7 d4 53. Bf6 Re3+ 54. Kd2 c3+ 55. Kc2 Bf5+ 56. Kd1 c2+ 57. Kd2 Rd3+ 58. Kc1 Rd1+ 59. Kb2 Rb1+ 0-1

[Event "Quebec op"]
[Site "Montreal CAN"]
[Date "1994.07.25"]
[Round "3"]
[White "Hebert, Jean"]
[Black "Levtchouk, George"]
[Result "1-0"]
[WhiteElo "2484"]
[BlackElo "2305"]
[PlyCount "69"]
[GameId "2160767912202244"]
[EventDate "1994.07.23"]
[EventType "swiss"]
[EventRounds "8"]
[EventCountry "CAN"]
[SourceTitle "EXT 94op"]

1. e4 g6 2. d4 Bg7 3. c4 d6 4. Nc3 Nf6 5. Be2 O-O 6. Nf3 e5 7. Be3 h6 8. O-O Ng4 9. Bc1 Nc6 10. d5 Ne7 11. h3 Nf6 12. Nd2 a5 13. a3 Bd7 14. b3 Nh7 15. Rb1 Nc8 16. Qc2 Ng5 17. h4 Nh7 18. g3 f5 19. exf5 gxf5 20. f4 Kh8 21. Nf3 Rg8 22. Kh2 Bf6 23. fxe5 dxe5 24. Bb2 e4 25. Nxe4 fxe4 26. Ne5 Rg7 27. c5 b6 28. Rxf6 Nxf6 29. Rf1 Kg8 30. Nc6 Bxc6 31. Bxf6 Ne7 32. dxc6 bxc5 33. Bc4+ Kh8 34. Bxg7+ Kxg7 35. Rf7+ 1-0

[Event "Quebec op"]
[Site "Montreal CAN"]
[Date "1994.07.27"]
[Round "5"]
[White "Reeve, Jeff"]
[Black "Hebert, Jean"]
[Result "0-1"]
[WhiteElo "2272"]
[BlackElo "2484"]
[PlyCount "94"]
[GameId "2160767912202284"]
[EventDate "1994.07.23"]
[EventType "swiss"]
[EventRounds "8"]
[EventCountry "CAN"]
[SourceTitle "EXT 94op"]

1. e4 e6 2. d4 d5 3. Nc3 Bb4 4. e5 Ne7 5. a3 Bxc3+ 6. bxc3 c5 7. Nf3 Qa5 8. Bd2 Nbc6 9. a4 Bd7 10. Bb5 Qc7 11. O-O Na5 12. Qe2 h6 13. Rfb1 O-O 14. Bxd7 Qxd7 15. dxc5 Nc4 16. Ne1 b6 17. Nd3 Rfc8 18. Bc1 bxc5 19. Rb5 a6 20. Rb3 Qc7 21. Bf4 Na5 22. Rbb1 c4 23. Ne1 Nac6 24. Nf3 Rab8 25. g4 Ng6 26. Bg3 Rxb1+ 27. Rxb1 Rb8 28. Rxb8+ Qxb8 29. Kg2 Qb2 30. Qd2 Qa3 31. h4 Qxa4 32. h5 Nge7 33. Bf4 Kh7 34. Bxh6 gxh6 35. Qf4 Kg8 36. Qxh6 Qxc2 37. Qg5+ Kf8 38. Qh6+ Ke8 39. Ng5 Qe2 40. Qh8+ Kd7 41. Nf3 d4 42. h6 dxc3 43. Qg7 c2 44. Qg5 Qd1 45. h7 Ng6 46. Nh4 Nxh4+ 47. Qxh4 c1=Q 0-1

[Event "Quebec op"]
[Site "Montreal CAN"]
[Date "1994.07.29"]
[Round "7"]
[White "Hebert, Jean"]
[Black "O'Donnell, Tom"]
[Result "1/2-1/2"]
[WhiteElo "2484"]
[BlackElo "2356"]
[PlyCount "71"]
[GameId "2160767912202314"]
[EventDate "1994.07.23"]
[EventType "swiss"]
[EventRounds "8"]
[EventCountry "CAN"]
[SourceTitle "EXT 94op"]

1. d4 d5 2. c4 e6 3. Nf3 c6 4. Nc3 Nf6 5. e3 Nbd7 6. Bd3 dxc4 7. Bxc4 b5 8. Bd3 Bb7 9. O-O b4 10. Ne4 Be7 11. Nxf6+ Nxf6 12. e4 O-O 13. Qc2 h6 14. e5 Nd7 15. Bh7+ Kh8 16. Be4 Qb6 17. Be3 c5 18. Rfd1 Rac8 19. d5 exd5 20. Rxd5 Bxd5 21. Bxd5 Qc7 22. Qf5 g6 23. Qf4 Bg5 24. Nxg5 hxg5 25. Qxg5 Qxe5 26. Qh6+ Kg8 27. Qxg6+ Qg7 28. Qf5 Nb6 29. Be4 Rfe8 30. Rd1 Rcd8 31. Rxd8 Rxd8 32. h4 Nc4 33. Bxc5 Rd1+ 34. Kh2 Nd6 35. Bxd6 Rxd6 36. Qc8+ 1/2-1/2

[Event "Quebec op"]
[Site "Montreal CAN"]
[Date "1994.07.30"]
[Round "8"]
[White "Morin, Yves"]
[Black "Hebert, Jean"]
[Result "0-1"]
[WhiteElo "2327"]
[BlackElo "2484"]
[PlyCount "82"]
[GameId "2160767912202338"]
[EventDate "1994.07.23"]
[EventType "swiss"]
[EventRounds "8"]
[EventCountry "CAN"]
[SourceTitle "EXT 94op"]

1. e4 e6 2. d4 d5 3. e5 c5 4. c3 Nc6 5. Nf3 Bd7 6. Be2 f6 7. O-O fxe5 8. Nxe5 Nxe5 9. dxe5 Qc7 10. Re1 O-O-O 11. Bf4 Ne7 12. Bd3 h6 13. Bg3 g5 14. Qf3 Qb6 15. b3 Nc6 16. Nd2 h5 17. h3 Be7 18. Qe2 Rdg8 19. Bb5 g4 20. hxg4 Rxg4 21. Nf1 Rg7 22. Ne3 h4 23. Bh2 Rhg8 24. Kh1 a6 25. Bd3 Nd8 26. f3 Bc6 27. Ng4 Nf7 28. Rg1 Rxg4 29. fxg4 Nh6 30. Rgf1 Nxg4 31. Rf7 h3 32. gxh3 c4 33. Bh7 d4+ 34. Be4 d3 35. Qe1 Bh4 36. Bg1 Bxe1 37. Bxb6 Bxe4+ 38. Kg1 Ne3+ 39. Kh2 Rg2+ 40. Kh1 Rxa2+ 41. Kg1 Rg2+ 0-1

[Event "Grand Prix"]
[Site "Montreal CAN"]
[Date "1994.05.21"]
[Round "2"]
[White "Hebert, Jean"]
[Black "Duong, Thanh Nha"]
[Result "1-0"]
[WhiteElo "2483"]
[BlackElo "2198"]
[PlyCount "149"]
[GameId "2160767912210859"]
[EventDate "1994.05.20"]
[EventType "swiss"]
[EventRounds "5"]
[EventCountry "CAN"]
[SourceTitle "EXT 2022"]
[Source "ChessBase"]
[SourceDate "2021.10.06"]
[SourceVersion "1"]
[SourceVersionDate "2021.10.06"]
[SourceQuality "1"]

1. d4 d5 2. c4 e6 3. Nc3 Nf6 4. cxd5 exd5 5. Bg5 Be7 6. e3 c6 7. Bd3 O-O 8. Qc2 Nbd7 9. Nf3 Re8 10. O-O Nf8 11. Bxf6 Bxf6 12. b4 Bg4 13. Nd2 Rc8 14. Rab1 h5 15. h3 Bd7 16. Na4 b6 17. Rfc1 Ne6 18. Nf3 c5 19. bxc5 Bxa4 20. Qxa4 bxc5 21. dxc5 Nxc5 22. Qa3 Nxd3 23. Qxd3 Qa5 24. Rc2 Rxc2 25. Qxc2 Qa6 26. Qd2 Rd8 27. Rc1 Qb6 28. Rd1 Qc5 29. Qd3 a5 30. Nd4 a4 31. Ne2 a3 32. Rb1 Bb2 33. Rd1 Rc8 34. Nf4 Qc4 35. Qxd5 Qxd5 36. Nxd5 Rc2 37. Nb4 Rc4 38. Nd3 Rc2 39. Ne1 Rc4 40. Kf1 Kf8 41. Ke2 Ke7 42. Rd2 Be5 43. Rc2 Ra4 44. Nd3 Bd6 45. Nc1 Rb4 46. Nb3 Be5 47. Kd3 Bb2 48. Na5 Rb5 49. Nc4 Rd5+ 50. Ke2 Rb5 51. e4 f6 52. Kd3 Rb3+ 53. Ke2 Rb4 54. f3 Ke6 55. h4 g6 56. Ne3 Be5 57. Nd5 Rb1 58. f4 Bb2 59. Kd3 Ra1 60. Rc6+ Kd7 61. Ra6 Rxa2 62. Nxf6+ Bxf6 63. Rxf6 Rxg2 64. Kd4 Rg4 65. Ke5 Rxh4 66. Rxg6 Rh3 67. f5 h4 68. f6 Rg3 69. Rh6 a2 70. Rh7+ Kc6 71. Ra7 Rg2 72. f7 Rf2 73. Ke6 h3 74. Rxa2 Rf3 75. Rc2+ 1-0

[Event "Grand Prix"]
[Site "Montreal CAN"]
[Date "1994.05.21"]
[Round "3"]
[White "Schleifer, Michael"]
[Black "Hebert, Jean"]
[Result "1-0"]
[WhiteElo "2308"]
[BlackElo "2483"]
[PlyCount "85"]
[GameId "2160767912210864"]
[EventDate "1994.05.20"]
[EventType "swiss"]
[EventRounds "5"]
[EventCountry "CAN"]
[SourceTitle "EXT 2022"]
[Source "ChessBase"]
[SourceDate "2021.10.06"]
[SourceVersion "1"]
[SourceVersionDate "2021.10.06"]
[SourceQuality "1"]

1. d4 Nf6 2. c4 e6 3. Nf3 b6 4. g3 Ba6 5. Qa4 c6 6. Bg2 d5 7. cxd5 b5 8. Qd1 cxd5 9. O-O Nc6 10. Bg5 Qb6 11. Bxf6 gxf6 12. e3 Rc8 13. Nbd2 f5 14. Ng5 h6 15. Nh3 b4 16. Re1 h5 17. b3 h4 18. Nf3 hxg3 19. hxg3 Bd6 20. Nf4 Ne7 21. Qd2 Kd7 22. Ng5 Rcf8 23. Rac1 Bb7 24. Rc2 Ke8 25. Nd3 Rfg8 26. Nf3 f6 27. Nc5 Kf7 28. Rec1 Bc6 29. Ne1 a5 30. Ned3 Bb5 31. Nf4 Bxc5 32. Rxc5 Rc8 33. Qd1 Rxc5 34. Rxc5 Bd7 35. Bf3 Ke8 36. Qc1 Kd8 37. a3 Nc8 38. axb4 axb4 39. Qa1 Qb8 40. Qa5+ Ke8 41. Bh5+ Rxh5 42. Nxh5 Ke7 43. Nxf6 1-0

[Event "Grand Prix"]
[Site "Montreal CAN"]
[Date "1994.05.22"]
[Round "4"]
[White "Hebert, Jean"]
[Black "Reeve, Jeff"]
[Result "1-0"]
[WhiteElo "2483"]
[BlackElo "2247"]
[PlyCount "145"]
[GameId "2160767912210867"]
[EventDate "1994.05.20"]
[EventType "swiss"]
[EventRounds "5"]
[EventCountry "CAN"]
[SourceTitle "EXT 2022"]
[Source "ChessBase"]
[SourceDate "2021.10.06"]
[SourceVersion "1"]
[SourceVersionDate "2021.10.06"]
[SourceQuality "1"]

1. d4 Nf6 2. c4 c5 3. e3 g6 4. Nc3 Bg7 5. Nf3 O-O 6. h3 d5 7. dxc5 Qa5 8. Bd2 dxc4 9. Na4 Qc7 10. Bxc4 Ne4 11. Rc1 Nxd2 12. Nxd2 Nc6 13. O-O Ne5 14. b4 Rd8 15. Be2 Bf5 16. Nc3 Nd3 17. Bxd3 Rxd3 18. Ncb1 Qd7 19. Qe2 Rd8 20. Nf3 Qa4 21. a3 Qb3 22. e4 Be6 23. Ng5 Bc4 24. Nd2 Qa2 25. Ngf3 Rc3 26. Qxc4 Rxc4 27. Nxc4 Bh6 28. Rc3 Qe2 29. Na5 Rd1 30. Rxd1 Qxd1+ 31. Kh2 Qd7 32. g3 Bg7 33. e5 Qd5 34. c6 bxc6 35. Nxc6 Bf8 36. Nxa7 h5 37. h4 Bg7 38. Nc6 Bf8 39. a4 f6 40. a5 fxe5 41. Ncxe5 Qa2 42. Kg2 e6 43. Rc8 Kg7 44. Rc7+ Kg8 45. Nxg6 Bxb4 46. Nf4 Qxa5 47. Nxe6 Qd5 48. Rg7+ Kh8 49. Nf4 Qa2 50. Rg5 Ba5 51. Rxh5+ Kg7 52. Rb5 Bd2 53. Nxd2 Qxd2 54. Rd5 Qa2 55. g4 Qc2 56. g5 Qe4+ 57. Kg3 Qh1 58. h5 Qg1+ 59. Ng2 Qc1 60. h6+ Kh7 61. Nf4 Qg1+ 62. Kf3 Qh1+ 63. Kg4 Qg1+ 64. Kf5 Qxf2 65. Re5 Qf1 66. Re7+ Kg8 67. g6 Qb1+ 68. Kf6 Qb6+ 69. Re6 Qd8+ 70. Kf5 Qf8+ 71. Kg4 Qxh6 72. Re8+ Kg7 73. Kf5 1-0

[Event "Grand Prix"]
[Site "Montreal CAN"]
[Date "1994.05.22"]
[Round "5"]
[White "Hebert, Jean"]
[Black "Barbeau, Sylvain"]
[Result "1-0"]
[WhiteElo "2483"]
[BlackElo "2381"]
[PlyCount "75"]
[GameId "2160767912210871"]
[EventDate "1994.05.20"]
[EventType "swiss"]
[EventRounds "5"]
[EventCountry "CAN"]
[SourceTitle "EXT 2022"]
[Source "ChessBase"]
[SourceDate "2021.10.06"]
[SourceVersion "1"]
[SourceVersionDate "2021.10.06"]
[SourceQuality "1"]

1. d4 d5 2. c4 e6 3. Nc3 c5 4. e3 Nf6 5. Nf3 Nc6 6. a3 cxd4 7. exd4 Be7 8. c5 Ne4 9. Bd3 f5 10. Bb5 O-O 11. O-O Bf6 12. Bxc6 bxc6 13. Bf4 Ba6 14. Re1 g5 15. Be5 g4 16. Bxf6 Rxf6 17. Nxe4 dxe4 18. Ne5 Rh6 19. Qd2 Qh4 20. Qf4 Rc8 21. b4 Rh5 22. a4 Qd8 23. Red1 Qc7 24. Rab1 Rb8 25. Rdc1 Rb7 26. g3 Be2 27. b5 Qb8 28. Nxc6 Qxf4 29. gxf4 e3 30. Ne5 exf2+ 31. Kxf2 Rxh2+ 32. Ke3 g3 33. c6 Rc7 34. Rb2 Bh5 35. Rxh2 gxh2 36. Rh1 Rg7 37. Rxh2 Be8 38. Rc2 1-0

[Event "Mauricie op"]
[Site "Trois-Rivieres CAN"]
[Date "1994.03.18"]
[Round "1"]
[White "Hebert, Jean"]
[Black "Finta, Robert"]
[Result "1/2-1/2"]
[WhiteElo "2501"]
[BlackElo "2122"]
[PlyCount "91"]
[GameId "2160767912219313"]
[EventDate "1994.03.17"]
[EventType "swiss"]
[EventRounds "5"]
[EventCountry "CAN"]
[SourceTitle "EXT 2022"]
[Source "ChessBase"]
[SourceDate "2021.10.06"]
[SourceVersion "1"]
[SourceVersionDate "2021.10.06"]
[SourceQuality "1"]

1. Nf3 Nf6 2. c4 e6 3. d4 d5 4. Nc3 c5 5. cxd5 Nxd5 6. e4 Nxc3 7. bxc3 cxd4 8. cxd4 Bb4+ 9. Bd2 Bxd2+ 10. Qxd2 O-O 11. Bc4 b6 12. O-O Ba6 13. Rac1 Bxc4 14. Rxc4 Nd7 15. Rfc1 b5 16. R4c2 Nb6 17. Ne5 f6 18. Nc6 Qd6 19. Na5 Qa3 20. f3 Rac8 21. Kf2 Rxc2 22. Rxc2 Rc8 23. Rxc8+ Nxc8 24. Nb3 Nb6 25. Qa5 Qxa5 26. Nxa5 Na4 27. Nc6 Nc3 28. Nxa7 b4 29. Ke3 Nxa2 30. Kd2 b3 31. g3 Kf7 32. Nc6 g5 33. Na5 b2 34. Kc2 g4 35. fxg4 Nc3 36. Kxb2 Nxe4 37. Nc4 Kg6 38. Ne3 Kg5 39. Kb3 Nf2 40. h4+ Kg6 41. Kc4 Ne4 42. Ng2 Nxg3 43. d5 exd5+ 44. Kxd5 h5 45. Nf4+ Kh6 46. gxh5 1/2-1/2

[Event "Mauricie op"]
[Site "Trois-Rivieres CAN"]
[Date "1994.03.19"]
[Round "2"]
[White "Prahov, Valentin"]
[Black "Hebert, Jean"]
[Result "1/2-1/2"]
[WhiteElo "2124"]
[BlackElo "2501"]
[PlyCount "98"]
[GameId "2160767912219323"]
[EventDate "1994.03.17"]
[EventType "swiss"]
[EventRounds "5"]
[EventCountry "CAN"]
[SourceTitle "EXT 2022"]
[Source "ChessBase"]
[SourceDate "2021.10.06"]
[SourceVersion "1"]
[SourceVersionDate "2021.10.06"]
[SourceQuality "1"]

1. e4 g6 2. d4 d6 3. Nc3 c6 4. f4 d5 5. e5 h5 6. Nf3 Nh6 7. Bd3 Bf5 8. O-O e6 9. a4 c5 10. Kh1 Nc6 11. Bb5 Bg4 12. Ne2 Nf5 13. c3 h4 14. h3 Bh5 15. Kh2 Qb6 16. dxc5 Bxc5 17. b4 Bf2 18. Qd3 Bxf3 19. Qxf3 Bg3+ 20. Kh1 Rc8 21. Bd2 Kf8 22. Bd3 Nce7 23. a5 Qc7 24. Rac1 Kg7 25. Nd4 Nxd4 26. cxd4 Qd7 27. Kg1 Rxc1 28. Rxc1 Rc8 29. Rxc8 Qxc8 30. Kf1 Nf5 31. Bxf5 gxf5 32. Qd3 Kg6 33. Ke2 a6 34. b5 f6 35. bxa6 bxa6 36. exf6 Kxf6 37. Kd1 Qc6 38. Qa3 Kf7 39. Qb4 Ke8 40. Qb8+ Kd7 41. Qe5 Qa4+ 42. Kc1 Qc4+ 43. Kb2 Qd3 44. Bb4 Qb5 45. Qd6+ Kc8 46. Qxe6+ Kb7 47. Qe7+ Ka8 48. Qd8+ Kb7 49. Qe7+ Ka8 1/2-1/2

[Event "Mauricie op"]
[Site "Trois-Rivieres CAN"]
[Date "1994.03.19"]
[Round "3"]
[White "Hebert, Jean"]
[Black "Dupuis, Stephane"]
[Result "1/2-1/2"]
[WhiteElo "2501"]
[BlackElo "2187"]
[PlyCount "89"]
[GameId "2160767912219327"]
[EventDate "1994.03.17"]
[EventType "swiss"]
[EventRounds "5"]
[EventCountry "CAN"]
[SourceTitle "EXT 2022"]
[Source "ChessBase"]
[SourceDate "2021.10.06"]
[SourceVersion "1"]
[SourceVersionDate "2021.10.06"]
[SourceQuality "1"]

1. d4 d5 2. c4 e6 3. Nc3 Nf6 4. Bg5 Be7 5. Nf3 Nbd7 6. e3 c6 7. Rc1 O-O 8. Bd3 a6 9. cxd5 exd5 10. Qc2 Re8 11. O-O Nf8 12. h3 Ne4 13. Bxe7 Qxe7 14. Bxe4 dxe4 15. Nd2 f5 16. d5 Ng6 17. dxc6 bxc6 18. f4 exf3 19. Nxf3 Qxe3+ 20. Kh1 Bd7 21. Rce1 Qh6 22. Qb3+ Kh8 23. Qb7 Red8 24. Rd1 Be6 25. Qxc6 Nf4 26. Nd4 Nxh3 27. Qxe6 Nf2+ 28. Kg1 Qxe6 29. Nxe6 Nxd1 30. Nxd1 Rd2 31. Ng5 Re8 32. Nf3 Rd6 33. Nc3 g6 34. Rf2 Kg7 35. Rc2 Kf6 36. Kf2 g5 37. Nd2 h5 38. g3 Rh8 39. Nce4+ fxe4 40. Nxe4+ Ke5 41. Nxd6 Kxd6 42. Rc4 Rf8+ 43. Kg1 a5 44. Rd4+ Kc5 45. Re4 1/2-1/2

[Event "Specialiste semi-rapide 1994.02.12"]
[Site "Montreal CAN"]
[Date "1994.02.12"]
[Round "4"]
[White "Hebert, Jean"]
[Black "Schleifer, Michael"]
[Result "1/2-1/2"]
[WhiteElo "2432"]
[BlackElo "2271"]
[PlyCount "66"]
[GameId "2160767912227656"]
[EventDate "1994.02.12"]
[EventType "swiss (rapid)"]
[EventRounds "5"]
[EventCountry "CAN"]
[SourceTitle "FQE 01"]

1. d4 Nf6 2. c4 g6 3. Nc3 Bg7 4. e4 d6 5. f3 O-O 6. Bd3 Nc6 7. Nge2 Nd7 8. d5 Nce5 9. b3 Nxd3+ 10. Qxd3 e6 11. Be3 c6 12. Rc1 exd5 13. cxd5 c5 14. O-O a6 15. f4 Re8 16. Bf2 b5 17. Ng3 Nb6 18. Qf3 b4 19. Nb1 a5 20. Rfd1 Bb7 21. Nd2 a4 22. Nc4 axb3 23. axb3 Nxc4 24. bxc4 Qc7 25. e5 dxe5 26. f5 Ra3 27. Rd3 e4 28. Nxe4 Rxd3 29. Qxd3 Qf4 30. Re1 Kh8 31. f6 Bf8 32. Qf3 Qxf3 33. gxf3 Ba6 1/2-1/2

[Event "Carnaval"]
[Site "Quebec CAN"]
[Date "1994.02.05"]
[Round "2"]
[White "Hebert, Jean"]
[Black "Berube, Richard"]
[Result "1-0"]
[WhiteElo "2485"]
[BlackElo "2247"]
[PlyCount "105"]
[GameId "2160767912227667"]
[EventDate "1994.02.04"]
[EventType "swiss"]
[EventRounds "5"]
[EventCountry "CAN"]
[SourceTitle "EXT 2022"]
[Source "ChessBase"]
[SourceDate "2021.10.06"]
[SourceVersion "1"]
[SourceVersionDate "2021.10.06"]
[SourceQuality "1"]

1. d4 Nf6 2. c4 e6 3. Nf3 Bb4+ 4. Bd2 c5 5. Bxb4 cxb4 6. g3 b6 7. Bg2 Bb7 8. O-O O-O 9. Nbd2 Qe7 10. Qc2 d6 11. e4 e5 12. Rfe1 a5 13. b3 Na6 14. Rad1 Rfe8 15. Nh4 g6 16. Nf1 Nc7 17. dxe5 dxe5 18. Ne3 Qc5 19. Nd5 Nfxd5 20. exd5 Nb5 21. Qd2 Nc3 22. Rc1 a4 23. a3 Qd4 24. Nf3 Qxd2 25. Nxd2 Na2 26. Ra1 axb3 27. axb4 b2 28. Rab1 Nxb4 29. Re3 Ra1 30. Rb3 Rxb1+ 31. Nxb1 Na6 32. Rxb2 Nc5 33. Rxb6 Ba6 34. Nd2 f5 35. h4 e4 36. Bf1 Rc8 37. h5 Kg7 38. Be2 Ra8 39. Rc6 Rc8 40. Rb6 Ra8 41. hxg6 hxg6 42. Nb3 Na4 43. Rb4 Nc3 44. Bf1 Na2 45. Ra4 Nc3 46. Ra5 Bb7 47. d6 Kf6 48. Rxa8 Bxa8 49. c5 g5 50. Nd4 e3 51. fxe3 Ne4 52. Bg2 Bb7 53. Bxe4 1-0

[Event "Carnaval"]
[Site "Quebec CAN"]
[Date "1994.02.05"]
[Round "3"]
[White "Hergott, Deen"]
[Black "Hebert, Jean"]
[Result "1/2-1/2"]
[WhiteElo "2321"]
[BlackElo "2485"]
[PlyCount "36"]
[GameId "2160767912227671"]
[EventDate "1994.02.04"]
[EventType "swiss"]
[EventRounds "5"]
[EventCountry "CAN"]
[SourceTitle "EXT 2022"]
[Source "ChessBase"]
[SourceDate "2021.10.06"]
[SourceVersion "1"]
[SourceVersionDate "2021.10.06"]
[SourceQuality "1"]

1. Nf3 Nf6 2. c4 e6 3. g3 d5 4. Bg2 c6 5. b3 a5 6. O-O a4 7. bxa4 Nbd7 8. cxd5 cxd5 9. Nc3 Nc5 10. Ba3 Bd7 11. Ne5 Be7 12. Bxc5 Bxc5 13. Rb1 Bd4 14. Nxd7 Qxd7 15. Nb5 Bb6 16. d4 O-O 17. Qb3 Rfc8 18. Rfc1 Rc6 1/2-1/2

[Event "Carnaval"]
[Site "Quebec CAN"]
[Date "1994.02.06"]
[Round "5"]
[White "O'Donnell, Tom"]
[Black "Hebert, Jean"]
[Result "0-1"]
[WhiteElo "2400"]
[BlackElo "2485"]
[PlyCount "90"]
[GameId "2160767912227678"]
[EventDate "1994.02.04"]
[EventType "swiss"]
[EventRounds "5"]
[EventCountry "CAN"]
[SourceTitle "EXT 2022"]
[Source "ChessBase"]
[SourceDate "2021.10.06"]
[SourceVersion "1"]
[SourceVersionDate "2021.10.06"]
[SourceQuality "1"]

1. e4 e6 2. d4 d5 3. Nd2 c5 4. Ngf3 Nf6 5. exd5 exd5 6. Bb5+ Bd7 7. Bxd7+ Nbxd7 8. O-O Be7 9. dxc5 Nxc5 10. Nb3 Nxb3 11. axb3 O-O 12. Be3 a6 13. c3 Rc8 14. Re1 Ne4 15. Qd3 Bc5 16. Rad1 Bxe3 17. Qxe3 Nf6 18. Qd4 Re8 19. h3 h6 20. Ne5 Qe7 21. Re3 Qc5 22. Qxc5 Rxc5 23. b4 Rcc8 24. Kf1 h5 25. Ke2 Re6 26. Nd3 Rb6 27. Re5 Rc4 28. f3 h4 29. Rd2 g6 30. Nc5 Rb5 31. Nb3 Rb6 32. Na5 Rc7 33. Rd4 Re6 34. Rxe6 fxe6 35. Nb3 e5 36. Rd2 Kf7 37. Nc5 Nh5 38. Kf2 Nf4 39. Nd3 Nxd3+ 40. Rxd3 Ke6 41. Ke3 g5 42. Kd2 Rc4 43. b3 Rc7 44. Kc2 d4 45. c4 b5 0-1

[Event "Pere Noel"]
[Site "Montreal CAN"]
[Date "1993.12.26"]
[Round "1"]
[White "Hebert, Jean"]
[Black "Yip, Michael"]
[Result "1-0"]
[WhiteElo "2478"]
[BlackElo "1970"]
[PlyCount "53"]
[GameId "2160767912261440"]
[EventDate "1993.12.26"]
[EventType "swiss"]
[EventRounds "5"]
[EventCountry "CAN"]
[SourceTitle "hb 2013"]

1. d4 Nf6 2. c4 e6 3. Nf3 b6 4. g3 Ba6 5. b3 Bb4+ 6. Bd2 Be7 7. Bg2 c6 8. Ne5 d5 9. Bc3 Nfd7 10. Nxd7 Nxd7 11. Nd2 Nf6 12. O-O O-O 13. e4 Rc8 14. e5 Nd7 15. Re1 Bb7 16. b4 c5 17. bxc5 bxc5 18. cxd5 exd5 19. Rb1 Bc6 20. Qg4 c4 21. h4 Nb6 22. Ba5 Qd7 23. e6 fxe6 24. Qxe6+ Qxe6 25. Rxe6 Kf7 26. Rbe1 Bf6 27. Bxb6 1-0

[Event "Pere Noel"]
[Site "Montreal CAN"]
[Date "1993.12.27"]
[Round "2"]
[White "Bouchard, Jean-Marc"]
[Black "Hebert, Jean"]
[Result "0-1"]
[WhiteElo "2052"]
[BlackElo "2478"]
[PlyCount "100"]
[GameId "2160767912261444"]
[EventDate "1993.12.26"]
[EventType "swiss"]
[EventRounds "5"]
[EventCountry "CAN"]
[SourceTitle "hb 2013"]

1. e4 e6 2. d4 d5 3. Nc3 Bb4 4. e5 Ne7 5. a3 Bxc3+ 6. bxc3 c5 7. Nf3 Nbc6 8. Bd3 Qa5 9. Bd2 c4 10. Be2 Bd7 11. Qb1 O-O-O 12. Qb2 f6 13. Rb1 b6 14. a4 Ng6 15. exf6 gxf6 16. Qa3 h5 17. h4 Nb8 18. Ra1 e5 19. dxe5 fxe5 20. Qd6 Bf5 21. Qa3 Bxc2 22. Ng5 Rd7 23. g4 Nf4 24. Bxf4 exf4 25. Kd2 Be4 26. gxh5 f3 27. Bf1 Bf5 28. Qb4 Nc6 29. Qxa5 Nxa5 30. Ke3 Nb3 31. Ra3 Rf8 32. Kf4 Nd2 33. Kg3 Nb1 34. Ra1 Nxc3 35. Ra3 Ne2+ 36. Kh2 Nd4 37. h6 Rd6 38. Nxf3 Rxh6 39. Nxd4 Rxh4+ 40. Kg1 Rg8+ 41. Bg2 Rxd4 42. Rh5 Be4 43. f3 Bc2 44. Rc3 Rd1+ 45. Kh2 Rd2 46. Rxd5 Rgxg2+ 47. Kh3 Rh2+ 48. Kg3 Rdg2+ 49. Kf4 Rh4+ 50. Ke3 Bxa4 0-1

[Event "Pere Noel"]
[Site "Montreal CAN"]
[Date "1993.12.28"]
[Round "3"]
[White "Hebert, Jean"]
[Black "Spraggett, Grant"]
[Result "1-0"]
[WhiteElo "2478"]
[BlackElo "2315"]
[PlyCount "131"]
[GameId "2160767912261462"]
[EventDate "1993.12.26"]
[EventType "swiss"]
[EventRounds "5"]
[EventCountry "CAN"]
[SourceTitle "EXT 2022"]
[Source "ChessBase"]
[SourceDate "2021.10.06"]
[SourceVersion "1"]
[SourceVersionDate "2021.10.06"]
[SourceQuality "1"]

1. d4 Nf6 2. c4 c5 3. d5 b5 4. Nf3 Bb7 5. a4 Qa5+ 6. Bd2 b4 7. Qc2 d6 8. e4 Nbd7 9. Be2 g6 10. O-O Bg7 11. h3 Qc7 12. a5 a6 13. Bf4 O-O 14. Nbd2 Rae8 15. Bh2 e5 16. Ne1 Kh8 17. Nd3 Bc8 18. Qa4 Bh6 19. f4 exf4 20. Qc6 Qxc6 21. dxc6 Ne5 22. Bxf4 Bxf4 23. Rxf4 Nh5 24. Rf2 Nxc6 25. Bxh5 gxh5 26. Nf4 Re5 27. Nd5 Kg7 28. Nf6 Kg6 29. Kh2 Re6 30. Nd5 Kg7 31. Rf5 Re5 32. Rf4 f5 33. Raf1 h4 34. Rxh4 fxe4 35. Rxf8 Kxf8 36. Nxe4 Nxa5 37. Nxd6 Be6 38. Rf4+ Kg7 39. Nc7 Nc6 40. Nxa6 Ne7 41. b3 Ng6 42. Rf2 Nf8 43. Nc7 Re3 44. Nxe6+ Rxe6 45. Nf5+ Kg8 46. g4 Re1 47. Kg3 Ne6 48. Kh4 Nd4 49. Kg5 Nxf5 50. Rxf5 Re3 51. h4 Rxb3 52. Rxc5 Rf3 53. Rb5 b3 54. h5 Kg7 55. Rb7+ Kg8 56. c5 Kh8 57. Rb8+ Kg7 58. h6+ Kf7 59. Rh8 Ke6 60. Rxh7 Rf7 61. Rh8 Rb7 62. Re8+ Kd5 63. Re1 b2 64. Rb1 Kxc5 65. Kg6 Rb6+ 66. Kh5 1-0

[Event "Pere Noel"]
[Site "Montreal CAN"]
[Date "1993.12.29"]
[Round "4"]
[White "O'Donnell, Tom"]
[Black "Hebert, Jean"]
[Result "1/2-1/2"]
[WhiteElo "2393"]
[BlackElo "2478"]
[PlyCount "83"]
[GameId "2160767912261479"]
[EventDate "1993.12.26"]
[EventType "swiss"]
[EventRounds "5"]
[EventCountry "CAN"]
[SourceTitle "EXT 2022"]
[Source "ChessBase"]
[SourceDate "2021.10.06"]
[SourceVersion "1"]
[SourceVersionDate "2021.10.06"]
[SourceQuality "1"]

1. e4 e6 2. d4 d5 3. Nd2 c5 4. exd5 Qxd5 5. Ngf3 cxd4 6. Bc4 Qd6 7. O-O Nc6 8. Nb3 Nf6 9. Nbxd4 Nxd4 10. Nxd4 Bd7 11. b3 O-O-O 12. Bb2 Qc7 13. Qe2 h5 14. Rad1 Ng4 15. Nf3 Bd6 16. h3 Bc6 17. Rfe1 Bh2+ 18. Kf1 Rxd1 19. Rxd1 Bxf3 20. gxf3 Nf6 21. Qe3 Qf4 22. Qc5+ Kb8 23. Qe7 Rc8 24. Rd8 Qc7 25. Rxc8+ Kxc8 26. Bxf6 gxf6 27. Qxf6 Qd8 28. Qxd8+ Kxd8 29. Ke2 Bf4 30. Kd3 Kd7 31. Ke4 Bd2 32. a4 Kd6 33. Kd3 Be1 34. Ke2 Ba5 35. Kd3 Ke5 36. c3 Bb6 37. Ke2 a5 38. Bb5 h4 39. Be8 f5 40. Bd7 Bc5 41. Bc8 b6 42. Bd7 1/2-1/2